书目信息 |
| 题名: |
二战简史
|
|
| 作者: | 诺曼·斯通 著 | |
| 分册: | ||
| 出版信息: | 北京 中信出版社 2015.03 |
|
| 页数: | 284页 | |
| 开本: | 20cm | |
| 丛书名: | ||
| 单 册: | ||
| 中图分类: | K152-49 | |
| 科图分类: | ||
| 主题词: | 世界史:现代史 | |
| 电子资源: | ||
| ISBN: | 7-5086-4994-X | |
| 000 | 00608nam0 2200205 450 | |
| 001 | 1734190353 | |
| 005 | 20171123093252.83 | |
| 010 | @a7-5086-4994-X@dCNY38.00 | |
| 100 | @a20171123d2015 km y0chiy0120 ea | |
| 101 | 0 | @achi |
| 102 | @aCN@b110000 | |
| 200 | 1 | @a二战简史@Aer zhan jian shi@e黑暗时代@f(英) 诺曼·斯通著@F(ying)nuo man·si tong zhu |
| 210 | @a北京@c中信出版社@d2015.03 | |
| 215 | @a284页@d20cm | |
| 517 | 1 | @a黑暗时代@Ahei an shi dai |
| 606 | 0 | @a世界史:现代史 |
| 690 | @aK152-49@v4 | |
| 701 | 0 | @a诺曼·斯通@Anuo man·si tong@4著 |
| 801 | 0 | @aCN@bMUSE@c20171123 |
| 905 | @aMUSE@dK152-49@eN976 | |
| 二战简史:黑暗时代/(英) 诺曼·斯通著.-北京:中信出版社,2015.03 |
| 284页;20cm |
| ISBN 7-5086-4994-X:CNY38.00 |
| ● |
| 相关链接 |
|
|
|
正题名:二战简史
索取号:K152-49/N976
 
预约/预借
| 序号 | 登录号 | 条形码 | 馆藏地/架位号 | 状态 | 备注 |
| 1 | 1236882 | 212368828 | 测绘与城市空间信息学院资料室/ [索取号:K152-49/N976] | 在馆 |